000 00988nam0a22002771 4500
001 rc\2881022
005 20250529213536.0
035 _a(NLR Aleph) 007033855
090 _a6030105
_c6030105
100 _a20110723d1929 |||y0rusy50 ca
101 1 _arus
_cger
102 _aRU
105 _ay z |||||
200 1 _a9-е ноября
_eРоман
_eАвториз. пер. с нем.
_fПод ред. и с предисл. В.М. Фриче
210 _aМосква
_aЛенинград
_cЗемля и фабрика
_d1929
_eМосква
215 _a468 с.
_d20 см
225 1 _aСобрание сочинений
_fБ. Келлерман
_vТ. 7
300 _aНа обл. только частное загл. тома
700 1 _aКеллерман
_bБ.
_f1879-1951
_gБернгард
702 1 _aФриче
_bВ.М.
_4340
801 0 _aRU
_bNLR
_gpsbo
801 1 _aRU
_bELAR
_2rusmarc
852 _aNLR
_j73/343
852 _aNLR
_bЛ
_j60 В-3/520-7
942 _cBOOK
980 _aNB